MARC

LEADER 00000nas a2200000 a 4500
001 ssj0000070446
003 WaSeSS
005 20200512172242.0
006 m d
007 cr n
008 090522c20089999nz ar s 0 0eng c
010 |a  2010256089 
016 7 |a 997565330  |2 DE-101 
016 7 |a 2520720-9  |2 DE-600 
016 7 |a 101512688  |2 DNLM 
022 |a 1178-699X  |l 1178-699X 
035 |a (WaSeSS)ssj0000070446 
040 |a NZ1  |b eng  |c NZ1  |d OCLCQ  |d HEBIS  |d OCLCS  |d OCLCQ  |d RBN  |d DEBBG  |d GWDNB  |d CUS  |d OCLCQ  |d OCLCF  |d EUW  |d NLM  |d OCLCQ  |d WaSeSS 
042 |a pcc 
050 1 4 |a QH509 
060 0 0 |a W1 
082 0 4 |a 572.69605  |2 22 
210 1 0 |a J Receptor Ligand Channel Res  |2 dnlm 
210 1 |a J. receptor ligand channel res. 
222 0 |a Journal of receptor, ligand and channel research 
245 0 0 |a Journal of receptor, ligand and channel research  |h [electronic resource]. 
260 |a [Auckland, N.Z.] :  |b Dove Medical Press 
310 |a Annual 
362 1 |a Began with v. 1 (2008). 
506 |a License restrictions may limit access. 
515 |a Articles added irregularly during the year and collected into annual issues. 
588 |a Description based on first issue; title from journal home page (viewed May 26, 2009). 
588 |a Latest issue consulted: 2015:8 (viewed Dec. 15, 2015). 
650 0 |a Cell receptors  |v Periodicals. 
650 0 |a Ligands (Biochemistry)  |v Periodicals. 
650 0 |a Cellular signal transduction  |v Periodicals. 
650 1 2 |a Receptors, Cell Surface. 
650 2 2 |a Ligands. 
650 2 2 |a Signal Transduction. 
650 7 |a Cell receptors.  |2 fast  |0 (OCoLC)fst00850227 
650 7 |a Cellular signal transduction.  |2 fast  |0 (OCoLC)fst00850288 
650 7 |a Ligands (Biochemistry)  |2 fast  |0 (OCoLC)fst00998471 
655 0 |a Electronic journals. 
856 4 0 |z Full text available from Research Library: 01/01/2008 to 12/31/2016  |u https://search.proquest.com/publication/3933402 
856 4 0 |z Full text available from Research Library: 01/01/2018 to present  |u https://search.proquest.com/publication/3933402